Natura e valore dell'amicizia /

Saved in:
Bibliografiske detaljer
Hovedforfatter: Lepp, Ignace (Author)
Andre forfattere: Audisio, Aldo (Translator)
Format: Bog
Sprog:italiensk
Udgivet: Milano : Edizioni paoline, 1971
Udgivelse:3. ed
Serier:La famiglia ; 38
Tags: Tilføj Tag
Ingen Tags, Vær først til at tagge denne postø!

MARC

LEADER 00000nam a22000007i 4500
001 IT\ICCU\MIL\0489501
003 ItRI
005 20260115232309.0
008 010220s1971 it |||||| ||||| |||||c
040 |b ita  |c importazione bologna sebina 
041 7 |a ita  |2 ISO-639-2 
100 1 |a Lepp, Ignace  |0 IT\ICCU\RAVV\082783  |4 aut 
240 1 0 |a Von Wesen und Wert der Freundschaft  |3 IT\ICCU\SBL\0279335  |9 Lepp, Ignace 
245 1 0 |a Natura e valore dell'amicizia /  |c Ignace Lepp. 
250 |a 3. ed 
260 |a Milano :  |b Edizioni paoline,  |c 1971 
300 |a 175 p. ;  |c 18 cm 
500 |a Traduzione di A. Audisio. 
700 1 |a Audisio, Aldo  |0 IT\ICCU\CFIV\080877  |4 trl 
790 1 |a Audisio, Aldo  |c  (traduttore)  |3 IT\ICCU\BCTV\013554  |z Audisio, Aldo 
830 3 |a La famiglia ;  |v 38  |0 IT\ICCU\RLZ\0015497 
942 |2 ddc  |c BK  |n 0 
952 |0 0  |1 0  |4 0  |6 DOC_241_676000000000000_LEP  |7 0  |9 23767  |a BO  |b BO  |d 2026-01-15  |i 813  |l 0  |o DOC 241.676 LEP  |p BO813  |r 2026-01-15 23:23:09  |w 2026-01-15  |x [Sebina 7] [1 v.]  |y BK  |z 1 v. 
999 |c 20242  |d 20242